Largest Scottish towns by population - Statistics

General Stats
  • This quiz has been taken 24 times
  • The average score is 23 of 50
Answer Stats
population Answer % Correct
198,590 Aberdeen
89%
506,520 Edinburgh
89%
632,350 Glasgow
89%
47,790 Inverness
89%
148,210 Dundee
84%
47,350 Perth
84%
37,910 Stirling
79%
46,260 Ayr
74%
77,270 Paisley
68%
50,530 Cumbernauld
63%
35,590 Falkirk
63%
46,970 Kilmarnock
63%
56,840 Livingston
63%
32,840 Motherwell
63%
36,390 Airdrie
58%
33,470 Dumfries
58%
54,990 Dunfermline
58%
75,310 East Kilbride
58%
41,280 Greenock
58%
54,480 Hamilton
58%
23,680 Bathgate
53%
43,950 Coatbridge
53%
20,480 Dumbarton
53%
38,360 Glenrothes
53%
18,410 St Andrews
53%
23,500 Arbroath
47%
25,620 Clydebank
47%
25,040 Elgin
47%
30,050 Wishaw
47%
34,130 Irvine
42%
16,120 Grangemouth
37%
30,950 Rutherglen
37%
19,700 Bellshill
32%
23,680 Bishopbriggs
32%
19,060 Peterhead
32%
28,470 Bearsden
26%
15,930 Johnstone
26%
21,100 Musselburgh
26%
28,210 Newton Mearns
26%
24,270 Renfrew
26%
17,890 Barrhead
16%
16,800 Blantyre
16%
15,970 Broxburn
16%
30,790 Cambuslang
16%
21,870 Kirkintilloch
16%
18,320 Bonnyrigg
11%
16,100 Kilwinning
11%
16,150 Penicuik
11%
15,830 Viewpark
5%
50,370 Kirkcaldy and Dysart
0%
No matching quizzes found
Score Distribution
Percent of People with Each Score
Percentile by Number Answered
Your Score History
You have not taken this quiz